000 01268nam a2200373 a 4500
001 34213
003 BD-RjUL
005 20211209052125.0
008 090911s2010 nyua b 001 0 eng
020 _a9780073530321 (alk. paper)
020 _a0073530328 (alk. paper)
020 _a9780071267687 (pbk.)
020 _a0071267689 (pbk.)
035 _a(OCoLC)ocn320803007
_a(BD-RjUL)34307
040 _aDLC
_cDLC
_dYDX
_dBTCTA
_dUKM
_dYDXCP
_dCDX
_dDLC
_dBD-RjUL
_beng
041 _aeng
082 0 0 _a658.421
_222
_bHIE 2010
100 1 _aHisrich, Robert D.
_9111426
245 1 0 _aEntrepreneurship /
_cRobert D. Hisrich, Michael P. Peters, Dean A. Shepherd.
250 _a8th ed.
260 _aNew York :
_bMcGraw-Hill/Irwin,
_cc2010.
300 _axxi 602 p. :
_bill. ;
_c27 cm.
504 _aIncludes bibliographical references and index.
650 0 _aNew business enterprises.
_9111427
650 0 _aEntrepreneurship.
_9111428
650 0 _aBusiness planning.
_9111429
650 0 _aBusiness enterprises
_xFinance.
_9111430
650 0 _aSuccess in business.
_942064
700 1 _aPeters, Michael P. , Jt. auth.
_9111431
700 1 _aShepherd, Dean A. , Jt. auth.
_9111432
942 _2ddc
_cBK
_08
999 _c34213
_d34213